| 000 | 00405pab a2200157 454500 | ||
|---|---|---|---|
| 008 | 180718b1983 xxu||||| |||| 00| 0 eng d | ||
| 100 | _aMiller, Gary | ||
| 245 | _aBureaucrats, legislators, and the size of government | ||
| 260 | _c1983 | ||
| 300 | _a297-322 | ||
| 362 | _aJune | ||
| 650 | _aBureaucracy - India | ||
| 700 | _aterry M. Moe | ||
| 773 | _aAmerican Political Science Review | ||
| 909 | _a4989 | ||
| 999 |
_c4989 _d4989 |
||